00426nam a2200181Ia 4500008004100000020001800041050001400059100001900073245003300092245001900125260001500144260001600159260000900175300001500184300002700199300001000226500000800236170918s9999 xx 000 0 und d a9780590738033 bB223 1997 aBarabas, Kathy aLet's find out about money / cKathy Barabas. aNew York : bScholastic, c1997 a24 pages : bcolored illustration ; c20cm. a451